Statistics for Divergent Quiz- facrions

Click here to take the quiz!

General Stats

  • This quiz has been taken 577 times
  • The average score is 16 of 19

Answer Stats

HintAnswer% Correct
EricDauntless
100%
AlDauntless
100%
TrisDauntless
100%
Four 'Tobias'Dauntless
100%
WillDauntless
100%
PeterDauntless
100%
ChristinaDauntless
100%
Natalie PriorAbnegation
97%
Andrew PriorAbnegation
97%
Marcus EatonAbnegation
97%
SusanAbnegation
97%
CalebErudite
97%
FernandoErudite
97%
CaraErudite
97%
RobertAmity
96%
Evelyn EatonFactionless
87%
EdwardDauntless/Factionless
6%
DrewDauntless/Factionless
6%
MollyDauntless/Factionless
6%

Score Distribution

Percentile by Number Answered

Percent of People with Each Score

Your Score History

You have not taken this quiz